| 000 | 00609cam a2200229 i 4500 | ||
|---|---|---|---|
| 999 |
_c200447034 _d65246 |
||
| 003 | TR-AnTOB | ||
| 005 | 20220202135210.0 | ||
| 007 | ta | ||
| 008 | 220202b ||||| |||| 00| 0 tur d | ||
| 040 |
_aTR-AnTOB _beng _erda _cTR-AnTOB _dTR-AnTOB |
||
| 041 | _atur | ||
| 050 | _bH | ||
| 099 | _a800 XıN 2002 | ||
| 245 |
_aRuh dağı/ _cÇev.Gülseren Devrim. |
||
| 264 |
_aıstanbul: _bDoğan kitap, _c2002 |
||
| 300 |
_a550 pages; _c19,5 cm |
||
| 336 |
_2rdacontent _atext _btxt |
||
| 337 |
_2rdamedia _aunmediated _bn |
||
| 338 |
_2rdacarrier _avolume _bnc |
||
| 942 |
_2lcc _cBK |
||